[Event "Ljubljana-chT 65th Superliga"]
[Site "Ljubljana"]
[Date "2012.03.15"]
[Round "8.1"]
[White "Lampic, Gorazd"]
[Black "Krumpak, Hinko"]
[Result "0-1"]
[WhiteElo "2119"]
[BlackElo "2082"]
[PlyCount "126"]
[EventDate "2012.01.12"]
[EventType "team-tourn"]
[EventRounds "9"]
[EventCountry "SLO"]
[SourceTitle "EXT 2022"]
[Source "ChessBase"]
[SourceDate "2021.10.06"]
[SourceVersion "1"]
[SourceVersionDate "2021.10.06"]
[SourceQuality "1"]
[WhiteTeam "Klinicni Center"]
[BlackTeam "Visnja Gora Sticna"]
[WhiteTeamCountry "SLO"]
[BlackTeamCountry "SLO"]

1. e4 g6 2. d4 Bg7 3. Be3 c5 4. c3 Nf6 5. Nd2 cxd4 6. cxd4 d5 7. e5 Ng4 8. Bb5+ Bd7 9. e6 Bxb5 10. exf7+ Kxf7 11. Qxg4 Re8 12. Ngf3 e6 13. h4 Qf6 14. h5 Qf5 15. hxg6+ hxg6 16. Ng5+ Kg8 17. Rh4 Nc6 18. Qxf5 exf5 19. Nb3 f4 20. Rxf4 Nb4 21. Kd2 Nd3 22. Rg4 Nxb2 23. a4 Nc4+ 24. Kd1 Nxe3+ 25. fxe3 Bc4 26. Nd2 Rxe3 27. Ndf3 Rae8 28. Kc2 Bd3+ 29. Kb2 Bf5 30. Rf4 Re2+ 31. Kb3 R8e3+ 32. Kb4 Bf8+ 33. Ka5 Bd3 34. Rxf8+ Kxf8 35. Ne5 b6+ 36. Kb4 Ba6 37. Rb1 Rxe5 38. dxe5 Rxe5 39. Nf3 Re4+ 40. Kb3 Bc4+ 41. Kc3 Rg4 42. Rb2 Ke7 43. Ne5 Rg3+ 44. Kd4 Ra3 45. a5 bxa5 46. Rf2 Ra2 47. Nxg6+ Kd6 48. Rf6+ Kc7 49. Nf4 a4 50. g4 a3 51. Kc5 Kb7 52. Rf7+ Ka6 53. Kb4 Ra1 54. Rf6+ Kb7 55. Rf7+ Kc6 56. Ne6 a2 57. Nd4+ Kd6 58. Nc2 Rc1 59. Rxa7 Rxc2 60. g5 d4 61. g6 Rc1 62. g7 a1Q 63. g8Q Qc3+ 0-1

[Event "Ljubljana-chT 63rd Superliga"]
[Site "Ljubljana"]
[Date "2010.01.29"]
[Round "4.2"]
[White "Gantar, Jan"]
[Black "Lampic, Gorazd"]
[Result "1-0"]
[WhiteElo "2077"]
[BlackElo "2123"]
[PlyCount "81"]
[EventDate "2010.01.07"]
[EventType "team-tourn"]
[EventRounds "9"]
[EventCountry "SLO"]
[SourceTitle "EXT 2022"]
[Source "ChessBase"]
[SourceDate "2021.10.06"]
[SourceVersion "1"]
[SourceVersionDate "2021.10.06"]
[SourceQuality "1"]
[WhiteTeam "Komenda Popotnik"]
[BlackTeam "Farmacija"]
[WhiteTeamCountry "SLO"]
[BlackTeamCountry "SLO"]

1. e4 e5 2. Nf3 Nc6 3. Bc4 Nf6 4. d4 Nxe4 5. dxe5 Qe7 6. Qd5 Nf6 7. Qxf7+ Qxf7 8. Bxf7+ Kxf7 9. exf6 gxf6 10. Bf4 Nb4 11. Kd1 Rg8 12. Nc3 d5 13. Bg3 c5 14. a3 d4 15. Ne4 Nd5 16. Nh4 Bg4+ 17. Kc1 Rd8 18. h3 Bc8 19. Nf3 Bf5 20. Ned2 Ne3 21. Nh4 Nxc2 22. Nxf5 Nxa1 23. Kb1 Rd5 24. Nh4 Bh6 25. Nhf3 f5 26. Kxa1 f4 27. Bh4 Rxg2 28. Re1 Kf8 29. Ne4 Bg7 30. Nxc5 Kf7 31. Ne6 Bf6 32. Nxf4 Rf5 33. Nxg2 Rxf3 34. Bg3 h5 35. h4 d3 36. Ne3 Bd4 37. Rd1 Ke6 38. Rxd3 Bc5 39. Ng2 Rf5 40. Nf4+ Ke7 41. Rd5 1-0

[Event "Ljubljana-chT 63rd Superliga"]
[Site "Ljubljana"]
[Date "2010.01.21"]
[Round "3.1"]
[White "Zorko, Jure"]
[Black "Lampic, Gorazd"]
[Result "1/2-1/2"]
[WhiteElo "2443"]
[BlackElo "2123"]
[PlyCount "137"]
[EventDate "2010.01.07"]
[EventType "team-tourn"]
[EventRounds "9"]
[EventCountry "SLO"]
[SourceTitle "EXT 2022"]
[Source "ChessBase"]
[SourceDate "2021.10.06"]
[SourceVersion "1"]
[SourceVersionDate "2021.10.06"]
[SourceQuality "1"]
[WhiteTeam "Podpec MKK"]
[BlackTeam "Farmacija"]
[WhiteTeamCountry "SLO"]
[BlackTeamCountry "SLO"]

1. e4 e5 2. Nf3 Nc6 3. Bb5 a6 4. Ba4 Nf6 5. d3 d6 6. c3 Be7 7. Nbd2 0-0 8. 0-0 Bg4 9. h3 Bh5 10. Re1 Nd7 11. Nf1 Nc5 12. Bc2 Ne6 13. Ng3 Bg6 14. Nf5 Bf6 15. Ne3 Qd7 16. Nd5 Bd8 17. d4 Kh8 18. Ne3 Ng5 19. Nxg5 Bxg5 20. dxe5 Nxe5 21. Ng4 Qe7 22. f4 Nxg4 23. hxg4 Bh4 24. Re3 h6 25. Rh3 Bh7 26. g3 Bf6 27. g5 Qd7 28. Rh2 Be7 29. gxh6 g6 30. Be3 Rad8 31. Qf3 Qb5 32. Bb3 c5 33. Bd5 f6 34. a4 Qd7 35. b3 Bg8 36. Bxg8 Rxg8 37. c4 Kh7 38. Rd1 Qe6 39. Rd5 f5 40. e5 b6 41. a5 bxa5 42. Re2 dxe5 43. Rxe5 Rd1+ 44. Kg2 Qd7 45. Bxc5 Bxc5 46. Rxc5 Rd8 47. Rxa5 Qd4 48. Rxa6 Qg1+ 49. Kh3 R8d3 50. Qb7+ Rd7 51. Qg2 Qd4 52. Qf2 Rh1+ 53. Kg2 Qd1 54. Rae6 Kxh6 55. Re1 Rxe1 56. Rxe1 Qxb3 57. Rc1 Qb7+ 58. Kh3 Kh7 59. c5 Qc6 60. Qg2 Qc7 61. Qf3 Rd2 62. Qe3 Ra2 63. Qe5 Qc6 64. Qe7+ Kg8 65. Rg1 Rc2 66. Qd6 Qxd6 67. cxd6 Rd2 68. Re1 Kf7 69. Re3 1/2-1/2

[Event "Ljubljana-chT 63rd Superliga"]
[Site "Ljubljana"]
[Date "2010.01.08"]
[Round "1.1"]
[White "Rozic, Vesna"]
[Black "Lampic, Gorazd"]
[Result "1-0"]
[WhiteElo "2255"]
[BlackElo "2123"]
[PlyCount "83"]
[EventDate "2010.01.07"]
[EventType "team-tourn"]
[EventRounds "9"]
[EventCountry "SLO"]
[SourceTitle "EXT 2022"]
[Source "ChessBase"]
[SourceDate "2021.10.06"]
[SourceVersion "1"]
[SourceVersionDate "2021.10.06"]
[SourceQuality "1"]
[WhiteTeam "Klinicni Center"]
[BlackTeam "Farmacija"]
[WhiteTeamCountry "SLO"]
[BlackTeamCountry "SLO"]

1. d4 g6 2. Nf3 Bg7 3. c3 d6 4. e4 Nc6 5. Bc4 Nf6 6. Qc2 0-0 7. Bg5 a6 8. a4 Bg4 9. Nbd2 Qd7 10. h3 Bxf3 11. Nxf3 h6 12. Be3 Rae8 13. 0-0 g5 14. e5 dxe5 15. dxe5 Nd5 16. Qe4 e6 17. Bc5 Nce7 18. Rad1 Qc6 19. Bd3 f5 20. exf6 Rxf6 21. Qh7+ Kf8 22. Bd4 g4 23. Ne5 Qxa4 24. Nxg4 Rf7 25. Bxg7+ Rxg7 26. Qxh6 Ng8 27. Qh5 Qf4 28. c4 Rg5 29. Qh4 Ndf6 30. Qg3 Qxg3 31. fxg3 Kg7 32. Nxf6 Nxf6 33. g4 e5 34. Bf5 Rh8 35. Rfe1 e4 36. Bxe4 Nxe4 37. Rxe4 Rc5 38. Re7+ Kf6 39. Kf2 b5 40. cxb5 axb5 41. Kf3 Kg5 42. Rg7+ 1-0

[Event "Ljubljana-chT"]
[Site "Gostovanja"]
[Date "2009.03.12"]
[Round "9.2"]
[White "Lampic, Gorazd"]
[Black "Guid, Matej"]
[Result "0-1"]
[WhiteElo "2106"]
[BlackElo "2302"]
[PlyCount "80"]
[EventDate "2009.01.08"]
[EventType "team-tourn"]
[EventRounds "9"]
[EventCountry "SLO"]
[SourceTitle "EXT 2011"]
[Source "ChessBase"]
[SourceDate "2010.11.26"]
[SourceVersion "1"]
[SourceVersionDate "2010.11.26"]
[SourceQuality "1"]

1. e4 c5 2. Nc3 Nc6 3. g3 g6 4. Bg2 Bg7 5. f4 e6 6. Nge2 Nge7 7. e5 d6 8. exd6 Nf5 9. Ne4 c4 10. d3 Nxd6 11. dxc4 Nxc4 12. Qxd8+ Kxd8 13. a3 f5 14. b3 fxe4 15. bxc4 e5 16. fxe5 Bf5 17. Bg5+ Kc7 18. Bf6 Rhg8 19. Nf4 Nxe5 20. Nd5+ Kd6 21. Be7+ Ke6 22. 0-0 Nxc4 23. Rad1 Nb2 24. Rd2 Nd3 25. c4 Rac8 26. g4 Rxc4 27. gxf5+ gxf5 28. Bg5 Bd4+ 29. Be3 Kxd5 30. Bxd4 Kxd4 31. Rxf5 Rc1+ 32. Rf1 Rxf1+ 33. Kxf1 e3 34. Rc2 Rf8+ 35. Kg1 Rf2 36. Rxf2 exf2+ 37. Kf1 b5 38. Bc6 a6 39. Bb7 a5 40. h4 b4 0-1

[Event "Ljubljana-chT"]
[Site "Gostovanja"]
[Date "2009.03.05"]
[Round "8.1"]
[White "Lampic, Gorazd"]
[Black "Srebrnic, Marko"]
[Result "0-1"]
[WhiteElo "2106"]
[BlackElo "2323"]
[PlyCount "76"]
[EventDate "2009.01.08"]
[EventType "team-tourn"]
[EventRounds "9"]
[EventCountry "SLO"]
[SourceTitle "EXT 2011"]
[Source "ChessBase"]
[SourceDate "2010.11.26"]
[SourceVersion "1"]
[SourceVersionDate "2010.11.26"]
[SourceQuality "1"]

1. e4 c5 2. Nf3 Nc6 3. d4 cxd4 4. Nxd4 e5 5. Nb5 d6 6. N1c3 a6 7. Na3 Be7 8. Nc4 b5 9. Ne3 Nf6 10. f3 0-0 11. a4 b4 12. Ncd5 Nxd5 13. Nxd5 Be6 14. Bc4 Bg5 15. Qd3 Bxc1 16. Rxc1 Qa5 17. 0-0 Ra7 18. Rfd1 Bxd5 19. Qxd5 Qb6+ 20. Kh1 Na5 21. Ba2 Rd7 22. Rd2 Rc8 23. Rcd1 g6 24. Qd3 Nb7 25. Bd5 Nc5 26. Qc4 Rcc7 27. Qa2 Qa5 28. Bb3 Rc6 29. Rd5 Kg7 30. h4 Qd8 31. g3 Qc7 32. Bc4 Nxe4 33. fxe4 Rxc4 34. Rxd6 Rxd6 35. Rxd6 Rxc2 36. Qd5 Rc1+ 37. Kg2 Qc2+ 38. Qd2 Qxe4+ 0-1

[Event "Ljubljana-chT"]
[Site "Gostovanja"]
[Date "2009.02.12"]
[Round "6.2"]
[White "Mihelic, Mitja"]
[Black "Lampic, Gorazd"]
[Result "0-1"]
[WhiteElo "1738"]
[BlackElo "2106"]
[PlyCount "86"]
[EventDate "2009.01.08"]
[EventType "team-tourn"]
[EventRounds "9"]
[EventCountry "SLO"]
[SourceTitle "EXT 2011"]
[Source "ChessBase"]
[SourceDate "2010.11.26"]
[SourceVersion "1"]
[SourceVersionDate "2010.11.26"]
[SourceQuality "1"]

1. d4 Nf6 2. c4 g6 3. Nc3 Bg7 4. e4 d6 5. Nf3 0-0 6. Be2 Nc6 7. 0-0 e5 8. dxe5 Nxe5 9. Nxe5 dxe5 10. Qxd8 Rxd8 11. Bg5 c6 12. Rad1 Be6 13. f3 h6 14. Be3 b6 15. b3 Nh5 16. Rxd8+ Rxd8 17. Rd1 Rxd1+ 18. Bxd1 f5 19. Ne2 fxe4 20. fxe4 Nf6 21. Nc3 Bf8 22. h3 Bb4 23. Bd2 g5 24. Kh2 Bf7 25. g4 Bg6 26. Bc2 Kf7 27. Kg2 Nd7 28. Nb1 Bc5 29. Kf3 Bd4 30. Nc3 Nc5 31. Ne2 Ne6 32. Ng3 Bb2 33. Be3 Bc1 34. Nf5 Bxe3 35. Kxe3 Bxf5 36. exf5 Nf4 37. Be4 c5 38. h4 gxh4 39. a3 Kf6 40. b4 h5 41. Kf3 Kg5 42. gxh5 Nxh5 43. Bc2 Nf6 0-1

[Event "Ljubljana-chT"]
[Site "Gostovanja"]
[Date "2009.02.05"]
[Round "5.1"]
[White "Jelen, Igor"]
[Black "Lampic, Gorazd"]
[Result "1-0"]
[WhiteElo "2384"]
[BlackElo "2106"]
[PlyCount "77"]
[EventDate "2009.01.08"]
[EventType "team-tourn"]
[EventRounds "9"]
[EventCountry "SLO"]
[SourceTitle "EXT 2011"]
[Source "ChessBase"]
[SourceDate "2010.11.26"]
[SourceVersion "1"]
[SourceVersionDate "2010.11.26"]
[SourceQuality "1"]

1. d4 Nf6 2. c4 e5 3. dxe5 Ng4 4. Bf4 Nc6 5. Nf3 Bb4+ 6. Nbd2 Qe7 7. e3 Ngxe5 8. Nxe5 Nxe5 9. Be2 g5 10. Bg3 h5 11. 0-0 h4 12. Bxe5 Qxe5 13. Nf3 Qf6 14. Nd4 a6 15. f4 Bd6 16. Kh1 h3 17. g3 gxf4 18. exf4 Bc5 19. Nb3 Ba7 20. Bf3 d6 21. Qe2+ Kf8 22. Rae1 c6 23. g4 Be6 24. f5 Bd7 25. Qd2 Rg8 26. Rd1 Bb8 27. Nd4 Ke7 28. Ne2 Bc7 29. Ng3 Rae8 30. Ne4 Qe5 31. Rfe1 Kd8 32. c5 Qd5 33. Qc3 Qxa2 34. Nf6 Rxe1+ 35. Qxe1 Qb3 36. Qe2 Be6 37. cxd6 Bxd6 38. fxe6 Rg6 39. e7+ 1-0

[Event "SLO-chT2 West"]
[Site "Kranj"]
[Date "2008.10.12"]
[Round "3.3"]
[White "Lampic, Gorazd"]
[Black "Kozarski, Lara"]
[Result "1-0"]
[WhiteElo "2092"]
[BlackElo "1714"]
[PlyCount "70"]
[EventDate "2008.10.11"]
[EventType "team-swiss"]
[EventRounds "9"]
[EventCountry "SLO"]
[SourceTitle "EXT 2010"]
[Source "ChessBase"]
[SourceDate "2010.11.25"]
[SourceVersion "1"]
[SourceVersionDate "2010.11.25"]
[SourceQuality "1"]
[WhiteTeam "Lojz Kraigher"]
[BlackTeam "Komenda Popotnik"]
[WhiteTeamCountry "SLO"]
[BlackTeamCountry "SLO"]

1. e4 e5 2. f4 exf4 3. Bc4 d6 4. d4 Qh4+ 5. Kf1 Nf6 6. Nf3 Bg4 7. Nc3 Bxf3 8. Qxf3 Qg4 9. Bxf4 Qxf3+ 10. gxf3 c6 11. Bxd6 Bxd6 12. e5 Be7 13. exf6 Bxf6 14. Re1+ Kd7 15. Ne4 Be7 16. Bxf7 Na6 17. Rg1 g6 18. Ng5 Nc7 19. Be6+ Ke8 20. Bb3 Kd7 21. Nf7 Rhf8 22. Ne5+ Kd6 23. c4 Ne8 24. c5+ Kc7 25. Nxg6 hxg6 26. Rxe7+ Kd8 27. Rxb7 Rxf3+ 28. Ke2 Rf6 29. Bf7 Nc7 30. Rxg6 Rxg6 31. Bxg6 Kc8 32. Rb3 Kd7 33. Bf5+ Ke7 34. Rb7 Kd8 35. h4 Ke8 1-0

[Event "SLO-chT2 West"]
[Site "Kranj"]
[Date "2005.10.16"]
[Round "4.3"]
[White "Juhant, Igor"]
[Black "Lampic, Gorazd"]
[Result "1-0"]
[WhiteElo "1899"]
[BlackElo "2092"]
[PlyCount "85"]
[EventDate "2005.10.14"]
[EventType "team"]
[EventRounds "5"]
[EventCountry "SLO"]
[SourceTitle "EXT 2009"]
[Source "ChessBase"]
[SourceDate "2008.11.26"]
[SourceVersion "1"]
[SourceVersionDate "2008.11.26"]
[SourceQuality "1"]

1. e4 d6 2. d4 g6 3. c4 Bg7 4. Nc3 Nf6 5. Nf3 0-0 6. Be2 Nc6 7. 0-0 e5 8. d5 Ne7 9. Ne1 Nd7 10. Be3 f5 11. f3 fxe4 12. Nxe4 Nf5 13. Bf2 b6 14. b4 Qe7 15. Nc2 Bh6 16. Qd3 Ng7 17. c5 Nh5 18. cxd6 cxd6 19. g3 Nhf6 20. Be3 Bg7 21. Bg5 Bb7 22. Ne3 h6 23. Bxf6 Nxf6 24. Qb3 h5 25. Bd3 Bh6 26. Nxf6+ Qxf6 27. Be4 Rac8 28. Ng2 Ba6 29. b5 Bb7 30. Nh4 g5 31. Nf5 Rc5 32. Qa3 Qxf5 33. Bxf5 Rxf5 34. Qxa7 Bxd5 35. Qd7 Rf6 36. Rad1 g4 37. f4 exf4 38. gxf4 h4 39. Rc1 Bxf4 40. Qe8+ Kh7 41. Rxc5 dxc5 42. Qh5+ Kg7 43. Rxf4 1-0

[Event "SLO-chT2 West"]
[Site "Kranj"]
[Date "2005.10.15"]
[Round "2.2"]
[White "Lampic, Gorazd"]
[Black "Furlan, Albin"]
[Result "1/2-1/2"]
[WhiteElo "2092"]
[BlackElo "2001"]
[PlyCount "118"]
[EventDate "2005.10.14"]
[EventType "team"]
[EventRounds "5"]
[EventCountry "SLO"]
[SourceTitle "EXT 2009"]
[Source "ChessBase"]
[SourceDate "2008.11.26"]
[SourceVersion "1"]
[SourceVersionDate "2008.11.26"]
[SourceQuality "1"]

1. e4 e6 2. d4 d5 3. e5 c5 4. c3 Nc6 5. Nf3 cxd4 6. cxd4 Bb4+ 7. Nc3 Nge7 8. Bd3 Bd7 9. 0-0 Rc8 10. Bc2 Bxc3 11. bxc3 Na5 12. Qd3 Qc7 13. Bd2 Nc4 14. Rfc1 Nxd2 15. Qxd2 Qxc3 16. Qg5 h6 17. Qf4 Qa3 18. Ne1 0-0 19. Rcb1 Qc3 20. Rc1 Qa3 21. Rcb1 Qc3 22. Rc1 Qa3 23. Rab1 b6 24. Rb3 Ng6 25. Qe3 Qa6 26. Ra3 Qb7 27. Qd3 Rc7 28. h4 Rfc8 29. h5 Nf8 30. g4 Be8 31. Qd2 Rc4 32. g5 Qe7 33. Rg3 hxg5 34. Rxg5 Ba4 35. f4 Bxc2 36. Rxc2 f6 37. Rg4 Rxc2 38. Nxc2 fxe5 39. fxe5 Qf7 40. h6 g6 41. Rf4 Qc7 42. Rf2 Qe7 43. Rf6 Kh8 44. Qf2 Nh7 45. Rxg6 Rg8 46. Rxg8+ Kxg8 47. Nb4 Ng5 48. Qg3 Kh7 49. Nc6 Ne4 50. Kg2 Nxg3 51. Nxe7 Ne2 52. Nc6 Kxh6 53. Kf3 Nc3 54. Nd8 Nxa2 55. Nxe6 Nb4 56. Nc7 Kg6 57. Ke3 Kf7 58. Kd2 Ke7 59. Kc3 Kd7 1/2-1/2

[Event "Ljubljana op 14th"]
[Site "Ljubljana"]
[Date "2003.06.27"]
[Round "9"]
[White "Lampic, Gorazd"]
[Black "Penko, Igor"]
[Result "0-1"]
[WhiteElo "2101"]
[BlackElo "2238"]
[PlyCount "100"]
[EventDate "2003.06.21"]
[EventType "swiss"]
[EventRounds "9"]
[EventCountry "SLO"]
[SourceTitle "EXT 2004"]
[Source "ChessBase"]
[SourceDate "2003.11.25"]
[SourceVersion "1"]
[SourceVersionDate "2003.11.25"]
[SourceQuality "1"]

1. e4 c5 2. Nf3 Nc6 3. d4 cxd4 4. Nxd4 g6 5. c4 Nf6 6. Nc3 d6 7. Be2 Nxd4 8. Qxd4 Bg7 9. Bg5 0-0 10. Qd2 Be6 11. Rc1 Qa5 12. 0-0 a6 13. Rfd1 Rfc8 14. Bxf6 Bxf6 15. Nd5 Qxd2 16. Nxf6+ exf6 17. Rxd2 Rc6 18. b3 b5 19. Rdc2 Rac8 20. Bd3 bxc4 21. Bxc4 Kf8 22. f4 f5 23. exf5 Bxf5 24. Rd2 Be4 25. Re1 f5 26. Red1 Ke7 27. Bd5 Rc2 28. Bc4 Rxd2 29. Rxd2 a5 30. Kf2 Rc5 31. Ke3 d5 32. Kd4 Kd6 33. Bd3 Rc1 34. g3 h6 35. Bb5 g5 36. Ke3 Kc5 37. Be2 Rc3+ 38. Bd3 d4+ 39. Ke2 Rc1 40. a3 gxf4 41. gxf4 Rh1 42. Bxe4 fxe4 43. b4+ axb4 44. axb4+ Kd5 45. b5 Rxh2+ 46. Kd1 Rh1+ 47. Kc2 d3+ 48. Kc3 Rc1+ 49. Kb3 Kd4 50. b6 Rc6 0-1

[Event "SLO-chT2W"]
[Site "Slovenia"]
[Date "2002.11.23"]
[Round "3.4"]
[White "Lampic, Gorazd"]
[Black "Vospernik, Andrej"]
[Result "1/2-1/2"]
[WhiteElo "2035"]
[BlackElo "2145"]
[PlyCount "109"]
[EventDate "2002.11.22"]
[EventType "team"]
[EventRounds "7"]
[EventCountry "SLO"]
[SourceTitle "EXT 2005"]
[Source "ChessBase"]
[SourceDate "2004.11.15"]
[SourceVersion "1"]
[SourceVersionDate "2004.11.15"]
[SourceQuality "1"]

1. e4 d5 2. exd5 Nf6 3. d4 Qxd5 4. Nc3 Qa5 5. Bd2 c6 6. Bc4 Bf5 7. Nf3 e6 8. 0-0 Nbd7 9. Nh4 Bg4 10. Qe1 Qh5 11. f3 g5 12. fxg4 Qxh4 13. Qxh4 gxh4 14. g5 Nh5 15. Rae1 Nb6 16. Be2 Ng7 17. Ne4 Be7 18. Nf6+ Bxf6 19. Rxf6 Nf5 20. Bg4 Nxd4 21. Bc3 c5 22. Bh5 0-0 23. Bxd4 cxd4 24. Rf4 Rac8 25. Bd1 Nc4 26. Rxd4 Nxb2 27. Bf3 Rxc2 28. Rxh4 Rc4 29. Rxc4 Nxc4 30. Bxb7 Rd8 31. Ba6 Rd4 32. Rc1 Nd6 33. Rc2 Ne4 34. h4 Ng3 35. Kf2 Nf5 36. g3 Ra4 37. Bd3 Ra5 38. h5 Ne7 39. h6 Rxg5 40. Rc7 Kf8 41. Rxa7 Nf5 42. a4 Nxh6 43. a5 Ng4+ 44. Kg2 Nf6 45. a6 Ra5 46. Bc4 Nd5 47. Kf3 Ra3+ 48. Ke4 Ra4 49. Kd3 Kg7 50. Rb7 Nb4+ 51. Kc3 Nxa6 52. Bxe6 Ra3+ 53. Kc4 Rxg3 54. Bxf7 Kf8 55. Bd5 1/2-1/2

[Event "SLO-ch U20"]
[Site "Bled"]
[Date "1998.??.??"]
[Round "?"]
[White "Lampic, Gorazd"]
[Black "Stojnic, Miodrag"]
[Result "1/2-1/2"]
[WhiteElo "2070"]
[BlackElo "2130"]
[PlyCount "121"]
[EventDate "1998.??.??"]
[EventType "swiss"]
[EventRounds "9"]
[EventCountry "SLO"]
[SourceTitle "EXT 2000"]
[Source "ChessBase"]
[SourceDate "1999.11.16"]
[SourceVersion "1"]
[SourceVersionDate "1999.11.16"]
[SourceQuality "1"]

1. f4 d5 2. Nf3 g6 3. e3 Bg7 4. Nc3 Nh6 5. b3 0-0 6. Bb2 b6 7. Na4 f6 8. c4 c6 9. Be2 Nd7 10. Nd4 Nb8 11. cxd5 cxd5 12. Rc1 Nf5 13. Nb5 Na6 14. 0-0 Bb7 15. Ba3 Nh6 16. Nb2 Qd7 17. d4 Nf5 18. Qd3 Rfe8 19. Rc2 Rec8 20. Rfc1 Rxc2 21. Rxc2 Rc8 22. Nd1 Rxc2 23. Qxc2 Bc8 24. Nxa7 Bb7 25. Nb5 Kf7 26. g4 Nh6 27. Nf2 Bf8 28. Qc1 Bg7 29. h3 Ng8 30. Kh2 Bh6 31. h4 Bg7 32. g5 Bc6 33. Nd6+ exd6 34. Bxa6 b5 35. Qc3 Ne7 36. Qa5 Nf5 37. Bc1 Nxh4 38. gxf6 Bxf6 39. Qb6 Bd8 40. Qb8 h5 41. Qc8 Ke8 42. Nd3 Nf5 43. Nb4 Ne7 44. Qxd7+ Bxd7 45. Bb7 Be6 46. Nc6 Kd7 47. Nxd8 Kxd8 48. a4 Kc7 49. Ba6 Bd7 50. Bxb5 Bxb5 51. axb5 Kb6 52. Kg2 Kxb5 53. Bd2 Nf5 54. Kf3 Nh4+ 55. Ke2 Nf5 56. Be1 Ne7 57. Kf2 Nf5 58. Kf3 Kc6 59. Ba5 Nh4+ 60. Kf2 Kb5 61. Be1 1/2-1/2

[Event "SLO-ch U20"]
[Site "Bled"]
[Date "1998.??.??"]
[Round "?"]
[White "Podkriznik, Gregor"]
[Black "Lampic, Gorazd"]
[Result "1-0"]
[WhiteElo "2295"]
[BlackElo "2070"]
[PlyCount "81"]
[EventDate "1998.??.??"]
[EventType "swiss"]
[EventRounds "9"]
[EventCountry "SLO"]
[SourceTitle "EXT 2000"]
[Source "ChessBase"]
[SourceDate "1999.11.16"]
[SourceVersion "1"]
[SourceVersionDate "1999.11.16"]
[SourceQuality "1"]

1. e4 e5 2. Nf3 Nc6 3. Bb5 f5 4. Bxc6 dxc6 5. Qe2 Bd6 6. Nc3 Nf6 7. d3 Qe7 8. Bd2 fxe4 9. Nxe4 Bg4 10. h3 Bh5 11. Ng3 Bg6 12. Nh4 0-0-0 13. Nxg6 hxg6 14. 0-0-0 Qe6 15. Kb1 Qd5 16. Ne4 Qb5 17. Nxf6 gxf6 18. Qg4+ Kb8 19. Qxg6 a5 20. Bc3 a4 21. Qf7 Qa6 22. Qxf6 Rdf8 23. Qe6 b5 24. Rde1 Re8 25. Qg4 Rhg8 26. Qe4 Rgf8 27. h4 c5 28. f3 Re7 29. h5 b4 30. Bd2 b3 31. h6 bxc2+ 32. Kxc2 Qc8 33. Qxa4 Qe6 34. Re4 Rg8 35. Qb5+ Kc8 36. Ra4 Qd5 37. Qc4 c6 38. Qxd5 cxd5 39. Rg4 Rh8 40. Rg7 Re6 41. h7 1-0

[Event "SLO-ch U20"]
[Site "Bled"]
[Date "1998.??.??"]
[Round "?"]
[White "Praznik, Niko"]
[Black "Lampic, Gorazd"]
[Result "1-0"]
[WhiteElo "2175"]
[BlackElo "2070"]
[PlyCount "101"]
[EventDate "1998.??.??"]
[EventType "swiss"]
[EventRounds "9"]
[EventCountry "SLO"]
[SourceTitle "EXT 2000"]
[Source "ChessBase"]
[SourceDate "1999.11.16"]
[SourceVersion "1"]
[SourceVersionDate "1999.11.16"]
[SourceQuality "1"]

1. e4 e5 2. Nf3 Nf6 3. Nxe5 d6 4. Nc4 Nxe4 5. Nc3 Nxc3 6. bxc3 g6 7. d4 Bg7 8. h4 0-0 9. Bg5 Qe8+ 10. Ne3 c5 11. h5 Nc6 12. hxg6 fxg6 13. Bc4+ Be6 14. d5 Bxc3+ 15. Kf1 Ne5 16. dxe6 Nxc4 17. Nxc4 Qxe6 18. Ne3 Qe5 19. Nd5 Bxa1 20. Ne7+ Kf7 21. Rxh7+ Ke8 22. Nxg6 Qxg5 23. Nxf8 Be5 24. Ne6 Qg6 25. Nc7+ Kd8 26. Qd3 Qxd3+ 27. cxd3 Rb8 28. f4 Ba1 29. Rf7 Rc8 30. Ne6+ Ke8 31. Rxb7 d5 32. Ke2 c4 33. dxc4 dxc4 34. Rxa7 c3 35. Rc7 Rb8 36. Kd3 Rb1 37. g4 Rd1+ 38. Ke4 Rd2 39. Nd4 Bb2 40. a4 Rxd4+ 41. Kxd4 c2+ 42. Kd5 c1Q 43. Rxc1 Bxc1 44. Ke5 Bd2 45. f5 Kf7 46. Kd5 Kf6 47. Kd6 Bc3 48. Kd5 Bd2 49. Kc5 Kg5 50. Kb5 Kxg4 51. f6 1-0

[Event "SLO-chT U18"]
[Site "Rogaska Slatina"]
[Date "1998.??.??"]
[Round "?"]
[White "Starcic, Tadej"]
[Black "Lampic, Gorazd"]
[Result "1-0"]
[WhiteElo "2075"]
[BlackElo "2050"]
[PlyCount "104"]
[EventDate "1998.??.??"]
[EventType "team"]
[EventRounds "7"]
[EventCountry "SLO"]
[SourceTitle "EXT 2000"]
[Source "ChessBase"]
[SourceDate "1999.11.16"]
[SourceVersion "1"]
[SourceVersionDate "1999.11.16"]
[SourceQuality "1"]

1. d4 f5 2. g3 Nf6 3. Bg2 e6 4. Nf3 d5 5. 0-0 Bd6 6. c4 c6 7. Bf4 Be7 8. Nbd2 Nbd7 9. Rc1 Qb6 10. Qb3 Ne4 11. Be5 0-0 12. e3 g5 13. Qc2 g4 14. Ne1 Nxe5 15. dxe5 Bb4 16. Nb3 Bxe1 17. Rfxe1 Qc7 18. Bxe4 fxe4 19. Qd1 Rf3 20. cxd5 Qxe5 21. dxc6 bxc6 22. Nd4 Qh5 23. h4 Rf8 24. Rxc6 e5 25. Qb3+ Kh8 26. Ne6 Bxe6 27. Qxe6 Rae8 28. Qc4 Qf5 29. Qe2 Rf7 30. Rec1 Ref8 31. R1c2 Qd7 32. Qc4 Qd1+ 33. Qf1 Qd5 34. b3 Qd7 35. R6c4 Rf3 36. Qe1 Qb7 37. Rd2 Rc8 38. Rdc2 Rcf8 39. Rd2 Rc8 40. Qd1 Rcf8 41. Qc2 Qb5 42. Qxe4 Qa5 43. b4 Qb5 44. a4 Qe8 45. b5 Qe6 46. Rc7 R3f7 47. Rc6 Qb3 48. Qxe5+ Kg8 49. Qe4 Kh8 50. Qc2 Qxc2 51. Rdxc2 Kg7 52. a5 Rb8 1-0

[Event "SLO-chT sf"]
[Site "Slovenia"]
[Date "1996.??.??"]
[Round "7"]
[White "Lampic, Gorazd"]
[Black "Panic, Branko"]
[Result "1-0"]
[WhiteElo "1965"]
[BlackElo "1785"]
[PlyCount "57"]
[EventDate "1996.??.??"]
[EventType "team"]
[EventRounds "7"]
[EventCountry "SLO"]
[SourceTitle "EXT 1997"]
[Source "ChessBase"]
[SourceDate "1996.11.15"]
[SourceVersion "1"]
[SourceVersionDate "1996.11.15"]
[SourceQuality "1"]

1. e4 c5 2. Nf3 Nc6 3. d4 cxd4 4. Nxd4 e5 5. Nb5 d6 6. N1c3 a6 7. Na3 b5 8. Nd5 Nf6 9. Bg5 Be7 10. Bxf6 Bxf6 11. c3 0-0 12. Nc2 Bg5 13. h4 Be7 14. Nce3 h6 15. Qh5 Kh7 16. Bd3 g6 17. Qf3 Rb8 18. a3 a5 19. b4 axb4 20. axb4 Bd7 21. h5 g5 22. 0-0 Kg7 23. Ra6 Qc8 24. Rxc6 Qxc6 25. Nxe7 Qxc3 26. Bxb5 Qc7 27. N3d5 Qd8 28. Qf6+ Kh7 29. Bxd7 1-0

[Event "SLO-chT"]
[Site "Slovenia"]
[Date "1994.??.??"]
[Round "?"]
[White "Guid, Matej"]
[Black "Lampic, Gorazd"]
[Result "1-0"]
[WhiteElo "1990"]
[BlackElo "2040"]
[PlyCount "98"]
[EventDate "1994.??.??"]
[EventType "team"]
[EventRounds "7"]
[EventCountry "SLO"]
[SourceTitle "EXT 1998"]
[Source "ChessBase"]
[SourceDate "1997.11.17"]
[SourceVersion "1"]
[SourceVersionDate "1997.11.17"]
[SourceQuality "1"]

1. e4 e6 2. d4 d5 3. Nd2 c5 4. exd5 Qxd5 5. Ngf3 cxd4 6. Bc4 Qh5 7. 0-0 Nc6 8. Nb3 Bd7 9. Nfxd4 Nf6 10. Be3 Qxd1 11. Rfxd1 Ng4 12. Bf4 Be7 13. Nxc6 Bxc6 14. Nd4 Bc5 15. Bg3 Bxd4 16. Rxd4 Nf6 17. Rad1 0-0 18. f3 Rac8 19. Bb3 Nd5 20. Kf2 h6 21. c4 Nb6 22. Bc2 Rfe8 23. b3 a5 24. Be4 Bxe4 25. fxe4 Kh7 26. Rd6 Rc6 27. Rxc6 bxc6 28. Rd6 Rc8 29. c5 Na8 30. Rd7 Kg6 31. Ra7 Kf6 32. Bd6 e5 33. Ke3 h5 34. h4 g6 35. a4 Ke6 36. Re7+ Kf6 37. Kd3 Rd8 38. Kc4 Nb6+ 39. cxb6 Rxd6 40. Rc7 Rd8 41. b7 Rb8 42. Kc5 Ke6 43. Kxc6 f5 44. Rc8 Rxb7 45. Kxb7 fxe4 46. Rc1 Kd5 47. Rd1+ Kc5 48. Ka6 Kb4 49. Re1 Kxb3 1-0